00975nam a2200205 i 4500001000700000003000900007005001700016008004100033100004100074245005800115260005800173300002800231597012000259597002100379599016400400650001400564852004100578999001900619952013100638166263ES-MaACL20260201063018.0931025m18451862be a |||| | fre d1 aThiers, Adolphe, d1797-1877917350810aHistoire du Consulat y de l'Empire / cpar A. Thiers. aBruxelles : bMeline, Cans et Compagnie, c1845-1862. a6 v. : bil. ; c28 cm. 1aVol. I (823 p.) -- vol. II (835 p.) -- vol. III (572 p.) -- vol. IV (548 p.) -- vol. V (600 p.) -- vol. VI (693 p.) 1aTexto a dos col. 1aH. de lám.: "L. David. del., H. Robinson sc.", "Eug. Lami pinx., Waltener sculp.", "Eug. Lami pinx., Ferd. Delannois sc.", "Staal pinx., Ferd. Delannois sc." 4a 9241194 aES-MaACLjF-2204-2209 z-- Enc. hol. c166263d166263 001040708LIBXIXaATENEOMbATENEOMcDEPO2d2008-01-17eSSCl0oF-2204-2209p1174364r2023-02-23 00:00:00w2023-02-23yMONANT